1000 1683 1851 1090 1720 1763 1509 1075 1276 1829 1980 1207 1415 1663 1205 1501 1760 1429 1442 1789 1533 1269 1439 1723 1402 1697 1944 1840 1246 1440 1009 1656 1125 1379 1605 1728 1720 1179 1341 1873 1455 1124 1474 1757 1467 1170 1138 1245 1912 1830 1792 1654 1556 1670 1736 1641 1111 1590 1729 1304 1544 1672 1301 1946 1541 1729 1334 1844 1216 1787 1055 1144 1192 1752 1081 1116 1531 1308 1705 1044 1030 1578 1156 1254 1936 1325 1468 1157 1203 1581 1965 1911 1485 1327 1472 1435 1145 1867 1434 BCNSPRNW ULIB Ver.6.0+V

เปลี่ยนเป็นภาษาไทย

Change to English
 แสดงรายละเอียดบรรณานุกรม
  กลับหน้าหลัก

Brief Record : Get Marc (ISO 2709) : E-mail record : QR code < ปิดหน้าต่าง
LEADER : 00000nam 2200000uu 4500
001    13399122758
003     ULIB
008    130913s2555||||th 000 0 tha d
020    ^a9786160805013
060    ^aWP100^bพ465ร
100 0  ^aพวงทอง ไกรพิบูลย์
245 10 ^aรู้ลึกและเข้าใจโรคภายในของผู้หญิง /^cพวงทอง ไกรพิบูลย์ เขียน ;
260    ^aกรุงเทพฯ :^bอมรินทร์สุขภาพ,^c2555.
300    ^a141, [6] หน้า :^bภาพประกอบ
650  7 ^aนรีเวชวิทยา
650  4 ^aสตรี^xโรค
945    ^p169^l0^i20206
945    ^p169^l0^i20207
999    ^aทศพร เกษรทอง
รายการนี้ยังไม่มีแท็ก
คุณยังไม่ได้ล็อกอิน คุณสามารถมีกิจกรรมร่วมกับเว็บไซต์ได้ แต่ต้องล็อกอินก่อน ::
  ล็อกอิน

รายการสื่อสารสนเทศ

ลำดับที่ ประเภท เลขเรียก/บาร์โค้ด สถานที่ สถานะ
1. วิทยาศาสตร์การแพทย์ และสุขภาพ
วิทยาศาสตร์การแพทย์ และสุขภาพ
สถานะ=หนังสือเก่า
WP100 พ465ร ฉ.1 
  Barcode: 20206
ห้องสมุดวิทยาเขตนครสวรรค์
►ส่วนจัดเก็บหนังสือเก่า นว.
บนชั้น
  ขอยืม
2. วิทยาศาสตร์การแพทย์ และสุขภาพ
วิทยาศาสตร์การแพทย์ และสุขภาพ
สถานะ=หนังสือเก่า
WP100 พ465ร ฉ.2 
  Barcode: 20207
ห้องสมุดวิทยาเขตนครสวรรค์
►ส่วนจัดเก็บหนังสือเก่า นว.
บนชั้น
  ขอยืม

รายการใกล้เคียง
    ผู้แต่ง [พวงทอง ไกรพิบูลย์]

    หัวเรื่อง [นรีเวชวิทยา]

BibComment


ยังไม่เคยถูกคอมเมนท์

คอมเมนท์ทรัพยากรรายการนี้
  คอมเมนท์: รู้ลึกและเข้าใจโ..


 Copyright 2026. Bcnsprnw @Library